00417nam a2200157Ia 45000010006000000050017000060080041000230410008000640820016000721000034000882450084001222600009002063000028002156500008002436540008002511343420260306164801.0260306t2018||||xx |||||||||||||| ||spa|| aESP a004.16bB36 aBeiroa Mosquera, RubéneAUT 0aAprender Arduino, electrónica y programación con 100 ejercicios prácticos c2018 a213 páginas :c24 cm. aGEN aCCC